000 00616cam a22002173a 4500
001 34270
003 PGUSA
005 20140828083735.0
008 101110s2010||||xxu|||||s|||||000 | eng d
040 _aPGUSA
_beng
042 _adc
100 1 _aRoberts, Charles G. D.,
_cSir,
_d1860-1943
245 1 0 _aBarbara Ladd
_h[electronic resource] /
_cCharles G. D., Roberts
260 _bProject Gutenberg,
_c2010
506 _aPublic domain in the USA.
516 _aElectronic text
700 1 _aVerbeck, Frank
830 0 _aProject Gutenberg
_v34270
856 4 0 _uhttp://www.gutenberg.org/ebooks/34270
942 _cEB
999 _c263525
_d263525